| 000 | 00334nam a22001337a 4500 | ||
|---|---|---|---|
| 008 | 180910b xxu||||| |||| 00| 0 eng d | ||
| 020 | _a0201055244 | ||
| 041 | _aeng | ||
| 080 | _a330 | ||
| 100 | _a59 | ||
| 101 | _aBUS | ||
| 245 |
_aTheory Z How American Business Can Meet The Japnese Challnege _cOuchi.w |
||
| 942 |
_2udc _cBK |
||
| 999 |
_c47624 _d47624 |
||